Comarca del Vallés / Hermandad Sindical Provincial de Labradores y Ganaderos de Barcelona
Descripción Física:
25 p. : il. ; 27 cm
MARC
| LEADER | 00000nam a2200000Ia 4500 | ||
|---|---|---|---|
| 001 | 14528 | ||
| 003 | BGR | ||
| 005 | 20260410113714.0 | ||
| 008 | 160829s1947 xx 000 0 cat d | ||
| 080 | |a FU-23-45 | ||
| 245 | |a Comarca del Vallés / Hermandad Sindical Provincial de Labradores y Ganaderos de Barcelona | ||
| 260 | |a [Barcelona?] : |b Publicaciones de la 2ª Zona Agrícola de la Provincia, |c 1947 | ||
| 300 | |a 25 p. : |b il. ; |c 27 cm | ||
| 590 | |a Títol a la coberta: Campos de Experimentación del Vallés | ||
| 650 | |a Estacions agrícoles experimentals |x Vallès |9 33154 | ||
| 650 | |a Agricultura |x Experimentació |9 33155 | ||
| 710 | 2 | |a Hermandad Sindical Provincial de Labradores y Ganaderos (Barcelona) |9 71030 | |
| 856 | 4 | |u https://media.diba.cat/diba/fitxers/arxiu/fulletons/bib_14528_1947_baixa.pdf |y Accés lliure | |
| 856 | 4 | |u https://media.diba.cat/diba/fitxers/arxiu/fulletons/bib_14528_1947_baixa.pdf |y Accés lliure | |
| 900 | |a bib_14528_1947_baixa.pdf | ||
| 901 | |a Arxiu | ||
| 942 | |n 1 |2 udc |c MON | ||
| 952 | |0 0 |1 0 |4 0 |6 FU2345 |7 1 |9 46215 |a Arxiu |b Arxiu |d 2016-12-01 |l 0 |o FU-23-45 |p 14528 |r 2016-12-01 00:00:00 |w 2016-12-01 |y ARXIU | ||
| 999 | |c 49717 |d 49717 | ||